Bjudžet i zakonodatel'stvo.

Nedostatky zákonov o tvorbe miestnych rozpočtov v Ruskej federácii. Príjmy miestnych rozpočtov a ich stanovenie zákonom. Dane a príjmy miestnych rozpočtov. Spôsoby platenia príspevkov do federálneho rozpočtu teritoriálnymi jednotkami.

Saved in:
Bibliographic Details
Main Author: Matejuk, V.I
Format: Book Chapter
Language:Russian
Subjects:
Tags: Add Tag
No Tags, Be the first to tag this record!

MARC

LEADER 00000naa a2200000 4500
001 r012221
005 20221208122544.5
041 0 |a rus 
044 |a RU 
245 1 0 |a Bjudžet i zakonodatel'stvo.  |c V.I. Matejuk 
520 |a Nedostatky zákonov o tvorbe miestnych rozpočtov v Ruskej federácii. Príjmy miestnych rozpočtov a ich stanovenie zákonom. Dane a príjmy miestnych rozpočtov. Spôsoby platenia príspevkov do federálneho rozpočtu teritoriálnymi jednotkami. 
610 2 0 |a rozpočet miestny 
610 2 0 |a dane 
610 2 0 |a zákony 
610 2 0 |a Rusko 
100 1 |a Matejuk, V.I.